[Event "Brussels blitz"]
[Site "Brussels"]
[Date "1987.??.??"]
[Round "?"]
[White "Kortschnoj, Viktor"]
[Black "Short, Nigel D"]
[Result "0-1"]
[WhiteElo "2625"]
[BlackElo "2615"]

1.Nf3 d5 2.c4 d4 3.b4 f6 4.d3 e5 5.a3 c5 6.Qb3 a5 7.b5 Bd6 8.g3 f5 9.Bg2 Nf6
10.O-O O-O 11.Bg5 Nbd7 12.e3 Kh8 13.Nh4 g6 14.Nd2 Kg7 15.e4 f4 16.gxf4 h6
17.fxe5 hxg5 18.exf6+ Qxf6 19.Nhf3 Ne5 20.Nxe5 Qxe5 21.f4 Rxf4 22.Rxf4 Qxf4
23.Nf1 Be6 24.Qc2 Rf8 25.Qd2 Qh4 26.Qe1 Be5 27.Qxh4 gxh4 28.h3 g5 29.Nh2 Bxh2+
30.Kxh2 Rf2 31.e5 b6 32.Kg1 Rd2 33.Bd5 Bxh3 34.Re1 Kf8 35.e6 Ke7 36.Re5 g4
37.Rf5 g3 38.Rf7+ Kd6 39.Bg2 Rxg2+ 40.Kf1 Rf2+ 41.Ke1 Rxf7 42.exf7 Ke7 43.Ke2 Bg4+
44.Ke1 h3 45.Kd2 Bf3 46.Ke1 h2 47.Kd2 h1=Q 48.f8=Q+ Kxf8 49.Kc2 Qd1+ 50.Kb2 Qd2+
51.Ka1 Qc1+ 52.Ka2 Bd1 53.a4 Qc2+ 54.Ka1 Qxa4+ 55.Kb2 Qb4+ 56.Ka2 Bb3+ 57.Kb2 Qc3+
58.Ka3 Bc2+ 59.Ka2 Qb3+  0-1

[Event "Brussels blitz"]
[Site "Brussels"]
[Date "1987.??.??"]
[Round "?"]
[White "Larsen, Bent"]
[Black "Ljubojevic, Ljubomir"]
[Result "0-1"]
[WhiteElo "2565"]
[BlackElo "2620"]

1.Nf3 d5 2.c4 dxc4 3.e3 Be6 4.Na3 c5 5.Nxc4 Nc6 6.b3 Nf6 7.Bb2 g6 8.Be2 Bg7
9.O-O O-O 10.Rc1 Rc8 11.d4 Ne4 12.Bd3 Nd6 13.dxc5 Nxc4 14.Bxg7 Nxe3 15.fxe3 Kxg7
16.Ng5 Qd5 17.Nxe6+ Qxe6 18.Qe2 Qe5 19.a3 e6 20.b4 a5 21.Rc4 Rfd8 22.Be4 axb4
23.axb4 Ra8 24.h3 Ra3 25.Re1 Rb3 26.Bxc6 bxc6 27.Qf2 Rb2 28.Rc2 Rxb4 29.Rf1 Rd7
30.Qf3 Re4 31.Re2 f5 32.Rc1 Rd3 33.Kf2 f4 34.Kg1 Rexe3 35.Rxe3 Qxe3+ 36.Qxe3 Rxe3
37.Kf2 Kf6 38.Rd1 Re5 39.Rd7 h5 40.Kf3 g5 41.Rh7 Rxc5 42.Rxh5 Rc3+ 43.Kf2 e5
44.Rh8 e4 45.Rf8+ Ke5 46.Re8+ Kd4 47.Rd8+ Kc4 48.Rg8 Rc2+ 49.Kf1 Kd3 50.Rxg5 Ke3
51.Kg1 c5 52.h4 c4 53.h5 f3 54.gxf3 Kxf3 55.h6  0-1

[Event "Noviki-C"]
[Site "Budapest"]
[Date "1987.??.??"]
[Round "?"]
[White "Serrer, Christoph"]
[Black "Tompa, Janos"]
[Result "1/2-1/2"]
[WhiteElo "2310"]
[BlackElo "2415"]

1.Nf3 d5 2.c4 e6 3.Nc3 Nf6 4.d4 Bb4 5.cxd5 exd5 6.Bg5 h6 7.Bxf6 Qxf6 8.Qb3 c5
9.e3 Nc6 10.dxc5 Be6 11.Bb5 Bxc5 12.O-O Rd8 13.e4 dxe4 14.Nxe4 Bxb3 15.Nxf6+ gxf6
16.axb3 O-O 17.Rac1 Bb6 18.Rfe1 Nd4  1/2-1/2

[Event "Noviki-B"]
[Site "Budapest"]
[Date "1987.??.??"]
[Round "?"]
[White "Hoelzl, Franz"]
[Black "Barbero, Gerardo F"]
[Result "0-1"]
[WhiteElo "2390"]
[BlackElo "2425"]

1.Nf3 d5 2.c4 e6 3.g3 f5 4.Bg2 Nf6 5.O-O c6 6.d3 Be7 7.Qc2 O-O 8.Nbd2 Bd6
9.e4 Nbd7 10.b3 dxe4 11.dxe4 f4 12.Bb2 Ng4 13.Bh3 h5 14.a3 a5 15.Bc3 Qe7
16.Qb2 e5 17.Nh4 fxg3 18.hxg3 Qf6 19.Nf5 Nc5 20.f4 Bxf5 21.fxe5 Bxe5 22.Bxe5 Nxe5
23.Qc2 Nf3+  0-1

[Event "Camaguey-B"]
[Site "Camaguey"]
[Date "1987.??.??"]
[Round "?"]
[White "Zaichik, Gennadi"]
[Black "Arencibia, Walter"]
[Result "1/2-1/2"]
[WhiteElo "2500"]
[BlackElo "2420"]

1.Nf3 d5 2.c4 c6 3.d4 Nf6 4.Nc3 g6 5.Bf4 Bg7 6.e3 O-O 7.Rc1 Bg4 8.h3 Bxf3
9.Qxf3 Qa5 10.Bd3 dxc4 11.Bxc4 Nbd7 12.O-O e5 13.Bh2 exd4 14.exd4 Qb4 15.Ne2 Nb6
16.Bb3 Rfe8 17.Rc5 Nfd5 18.a3 Qd2 19.Rc2 Qg5 20.Nc3 Bxd4 21.Ne4 Qh4 22.Nd6 Re7
23.Re2 Rxe2 24.Qxe2 Qf6 25.Rb1 Nf4 26.Bxf4 Qxf4 27.Nxb7 a5 28.Rd1 a4 29.Ba2 c5
30.Qf3 Qxf3 31.gxf3 Rb8 32.Na5 Bxb2 33.Rb1 Nd7 34.Nc4 Be5 35.Rd1 Bd4  1/2-1/2

[Event "Copenhagen op"]
[Site "Copenhagen"]
[Date "1987.??.??"]
[Round "2"]
[White "Horvath, Gyula"]
[Black "Poulsen, Allan"]
[Result "1/2-1/2"]
[WhiteElo "2435"]
[BlackElo "2330"]

1.Nf3 d5 2.c4 e6 3.g3 c5 4.Bg2 Nc6 5.O-O Nf6 6.b3 Be7 7.e3 O-O 8.Bb2 b6 9.Nc3 Bb7
10.cxd5 Nxd5 11.Nxd5 exd5 12.d4 Bf6 13.Qd2 cxd4 14.Nxd4 Ne5 15.Rfd1 Qd7 16.Qe2 Rfd8
17.Rd2 Rac8 18.Rad1 g6 19.Nf3 Qe6 20.Nd4 Qe8 21.Nb5 Ba6 22.a4 Rc5 23.Rxd5 Rdxd5
24.Rxd5 Rxd5 25.Bxd5 Qd7 26.Bg2 Kg7 27.h3 h5 28.Bd4 Qf5 29.Qb2 Bxb5 30.axb5 Nd7
31.Bf1 Kg8 32.e4 Qe6 33.Bc4 Qe7 34.Bd5 h4 35.f4 Bxd4+ 36.Qxd4 hxg3 37.Kg2 Nf6
38.Kxg3 Nh5+ 39.Kg4 Nf6+ 40.Kf3 Nh5 41.Qg1 Qf6 42.f5 Kf8 43.Qc1 Qh4 44.Qc7 Qxh3+
45.Ke2 Qg4+ 46.Ke1 Qg1+ 47.Ke2 Qg4+ 48.Ke1 Qg3+ 49.Qxg3 Nxg3 50.f6 Nh5 51.e5 Nf4
52.Bc4 g5 53.Kf2 Ng6 54.e6 fxe6 55.Bxe6 Nf4 56.Bc4 Nh5 57.f7 Nf4 58.Kg3 Ng6
59.Kg4 Ne5+ 60.Kxg5 Nxf7+ 61.Kf6 Nd8  1/2-1/2

[Event "Dortmund (Women)"]
[Site "Dortmund"]
[Date "1987.??.??"]
[Round "8"]
[White "Muresan, Margareta"]
[Black "Kas Fromm, Rita"]
[Result "1/2-1/2"]
[WhiteElo "2310"]
[BlackElo "2210"]

1.Nf3 d5 2.c4 e6 3.g3 Nf6 4.Bg2 Be7 5.b3 O-O 6.O-O c5 7.Bb2 b6 8.e3 Bb7 9.Qe2 Nbd7
10.Rd1 Qc7 11.Nc3 Rac8 12.d3 Qb8 13.Rac1 Rfd8 14.cxd5 Nxd5 15.Nxd5 Bxd5 16.d4 Qb7
17.Ne1 Bxg2 18.Nxg2 cxd4 19.Bxd4 Bf6  1/2-1/2

[Event "Dortmund (Women)"]
[Site "Dortmund"]
[Date "1987.??.??"]
[Round "10"]
[White "Muresan, Margareta"]
[Black "Botsari Miladinovic, Anna Maria"]
[Result "1-0"]
[WhiteElo "2310"]
[BlackElo "2005"]

1.Nf3 d5 2.c4 e6 3.d4 Nf6 4.Nc3 Nbd7 5.e3 Be7 6.Bd3 O-O 7.O-O dxc4 8.Bxc4 c5
9.Qe2 b6 10.Rd1 Bb7 11.a3 Rc8 12.Bd3 cxd4 13.exd4 Nd5 14.Ne4 N7f6 15.Ne5 Rc7
16.Ng3 Qa8 17.Be3 Rd8 18.Rac1 Rxc1 19.Rxc1 Rc8 20.Re1 Bd6 21.Bd2 Ne7 22.Nxf7 Bxg3
23.hxg3 Bxg2 24.Qxe6 Bd5 25.Nh6+ Kh8 26.Qxe7 Bh1 27.Bf1 Re8 28.Qf7 Rf8 29.Qe6 Bd5
30.Qe5 Ne4 31.Be3 Re8 32.Qh5 Nf6 33.Qh4 Re4 34.Qg5 Qf8 35.Bg2 gxh6 36.Qf5 Be6
37.Qb5 Rg4 38.Qe5 Bc8 39.d5 Kg8 40.Bd4 Rg6 41.d6 Bd7 42.Bd5+ Kg7 43.Qe7+ Qxe7
44.Rxe7+  1-0

[Event "HUN-ch op"]
[Site "Eger"]
[Date "1987.??.??"]
[Round "?"]
[White "Vanman, Kent"]
[Black "Forgo, Eva"]
[Result "1-0"]
[WhiteElo "2265"]
[BlackElo "2185"]

1.Nf3 d5 2.c4 dxc4 3.Na3 Nf6 4.Nxc4 a6 5.d4 e6 6.g3 b5 7.Nce5 Bb7 8.Bg2 Bb4+
9.Bd2 Bxd2+ 10.Qxd2 O-O 11.Rc1 Qd6 12.O-O Bd5 13.Qa5 Ra7 14.Rfd1 Nbd7 15.Nxd7 Nxd7
16.Ne1 Bxg2 17.Nxg2 Nb6 18.e4 Rd8 19.Ne3 h6 20.b3 Rd7 21.d5 exd5 22.exd5 Qe5
23.Rc5 Ra8 24.Qa3 Qf6 25.Rc6 Qd8 26.Qc5 Rc8 27.d6 Qe8 28.Nf5 Kh7 29.Ne7 cxd6
30.Qc2+  1-0

[Event "HUN-ch op"]
[Site "Eger"]
[Date "1987.??.??"]
[Round "?"]
[White "Horvath, Gyula"]
[Black "Gurevich, Mikhail"]
[Result "0-1"]
[WhiteElo "2435"]
[BlackElo "2540"]

1.Nf3 d5 2.c4 e6 3.g3 g6 4.Bg2 Bg7 5.O-O Ne7 6.d4 Nbc6 7.cxd5 exd5 8.Nc3 O-O
9.Bf4 Be6 10.Qd2 Nf5 11.Rfd1 Nce7 12.Rac1 c6 13.Na4 Re8 14.Qb4 Bc8 15.g4 Nh6
16.h3 f6 17.Rd3 Bf8 18.Qd2 g5 19.Bh2 Ng6 20.Rb3 Nf7 21.Nc5 b6 22.Nd3 Bd7
23.Rbc3 Nd6 24.Bxd6 Bxd6 25.a3 Qe7 26.e3 Kg7 27.R3c2 Qf7 28.Nb4 Ne7 29.Ne1 h5
30.Qe2 hxg4 31.hxg4 Rac8 32.e4 Ng6 33.Ned3 a5 34.Nxc6 Nf4 35.Qd1 dxe4 36.Ne1 Qd5
37.Na7 Rxc2 38.Nxc2 Qb7  0-1

[Event "Frunze"]
[Site "Frunze"]
[Date "1987.??.??"]
[Round "?"]
[White "Konopka, Michal"]
[Black "Kanstler, Boris"]
[Result "1-0"]
[WhiteElo "2285"]
[BlackElo "2450"]

1.Nf3 d5 2.c4 d4 3.b4 c5 4.Bb2 f6 5.bxc5 e5 6.e3 Nc6 7.exd4 exd4 8.d3 Bxc5
9.Nbd2 g5 10.Nb3 Bb4+ 11.Nfd2 Bf5 12.Be2 a5 13.a3 Bc3 14.Qc2 a4 15.Nc5 Qe7
16.Ne4 Bxe4 17.dxe4 Bxd2+ 18.Qxd2 Qxe4 19.O-O O-O-O 20.Bf3 Qf4 21.Qd1 Ne5
22.Bd5 b5 23.Be6+ Kb8 24.Rb1 Rd6 25.Bc1  1-0

[Event "ACCOM op"]
[Site "Haarlem"]
[Date "1987.??.??"]
[Round "7"]
[White "Van Scheltinga, Theo D"]
[Black "Bierenbroodspot, Paul"]
[Result "1/2-1/2"]
[WhiteElo "2305"]
[BlackElo "2260"]

1.Nf3 d5 2.c4 c6 3.e3 Nf6 4.Nc3 g6 5.d4 Bg7 6.Be2 O-O 7.O-O Bg4 8.b3 Nbd7
9.Bb2 Re8 10.h3 Bf5 11.Nh4 Nf8 12.Nxf5 gxf5 13.Qc2 e6 14.Rad1 Ng6 15.f4 Rc8
16.c5 Kh8 17.g3 Ne4 18.Nxe4 dxe4 19.Bh5 Rf8 20.Rf2 Ne7 21.Rg2 Nd5 22.Qd2 Qf6
23.g4 Qh4 24.Kh2 Rcd8 25.Qe1 Qxe1 26.Rxe1 Nf6 27.Reg1 Nxh5 28.gxh5 Bf6 29.Bc3 Rg8
30.Ba5 Rxg2+ 31.Rxg2 Rg8 32.Re2 Kg7 33.Rg2+ Kf8 34.Re2 Bh4 35.Be1 Bxe1 36.Rxe1 f6
37.h4 Kg7 38.Rg1+ Kf7 39.Rc1 Kg7  1/2-1/2

[Event "Hastings8788"]
[Site "Hastings"]
[Date "1987.??.??"]
[Round "3"]
[White "Larsen, Bent"]
[Black "Chandler, Murray G"]
[Result "1-0"]
[WhiteElo "2570"]
[BlackElo "2575"]

1.Nf3 d5 2.c4 d4 3.g3 g6 4.Bg2 Bg7 5.d3 e5 6.O-O Ne7 7.b4 O-O 8.Nbd2 a5 9.b5 c5
10.bxc6 Nexc6 11.Ba3 Nb4 12.Qb3 N8a6 13.Bxb4 axb4 14.a3 bxa3 15.Qxa3 Re8
16.Rfb1 f5 17.Ne1 Nc7 18.Bd5+ Kh8 19.Qxa8 Nxa8 20.Rxa8 Bh6 21.Ndf3 Qe7 22.Bxb7 Bd7
23.Rxe8+ Bxe8 24.Bd5 Qd6 25.Rb7 g5 26.h4 gxh4 27.Nxh4 Bd7 28.Nef3 f4 29.Be4 fxg3
30.fxg3 Be3+ 31.Kg2 Bg4 32.Rxh7+ Kg8 33.Rb7 Qa6 34.Nxe5 Be6 35.Re7 Kf8 36.Nhg6+ Kg8
37.Rxe6 Qa2 38.Re8+ Kg7 39.Re7+ Kh6 40.Ng4+ Kh5 41.Re5+ Bg5 42.Nf4+ Kxg4
43.Bf3+  1-0

[Event "Jurmala"]
[Site "Jurmala"]
[Date "1987.??.??"]
[Round "?"]
[White "Tal, Mihail"]
[Black "Bagirov, Vladimir"]
[Result "1/2-1/2"]
[WhiteElo "2625"]
[BlackElo "2470"]

1.Nf3 d5 2.c4 c6 3.e3 Nf6 4.Nc3 Nbd7 5.Qc2 e5 6.cxd5 Nxd5 7.d4 Nxc3 8.bxc3 Bd6
9.Bd3 h6 10.O-O O-O 11.Bh7+ Kh8 12.Bf5 Qe7 13.Rb1 Nb6 14.Bxc8 Raxc8 15.c4  1/2-1/2

[Event "Leningrad"]
[Site "Leningrad"]
[Date "1987.??.??"]
[Round "?"]
[White "Gurevich, Mikhail"]
[Black "Jussupow, Artur"]
[Result "1/2-1/2"]
[WhiteElo "2540"]
[BlackElo "2645"]

1.Nf3 d5 2.c4 e6 3.d4 Nf6 4.Nc3 dxc4 5.e4 Bb4 6.Bg5 c5 7.e5 cxd4 8.Qa4+ Nc6
9.O-O-O Bd7 10.Ne4 Be7 11.exf6 gxf6 12.Bh4 Rc8 13.Kb1 Na5 14.Qc2 e5 15.Nxd4 exd4
16.Rxd4 Qb6 17.Rd6 Rc6 18.Rxc6 Qxc6 19.Be2 f5 20.Bxe7 Qxe4 21.Bb4 Nc6 22.Bc3 Rg8
23.Bf3 Qxc2+ 24.Kxc2 Be6 25.g3 Ke7 26.Rd1 Rd8 27.Bxc6 Rxd1 28.Kxd1 bxc6 29.Kd2 c5
30.Ke3 f6  1/2-1/2

[Event "Lloyds Bank op"]
[Site "London"]
[Date "1987.??.??"]
[Round "4"]
[White "Plaskett, Jim"]
[Black "Flear, Glenn C"]
[Result "1-0"]
[WhiteElo "2475"]
[BlackElo "2480"]

1.Nf3 d5 2.c4 c6 3.b3 Nf6 4.Bb2 Bg4 5.g3 Nbd7 6.Bg2 e6 7.O-O Bd6 8.Nc3 dxc4
9.bxc4 Bxf3 10.exf3 e5 11.f4 O-O 12.fxe5 Nxe5 13.Qe2 Bc7 14.Ne4 Ned7 15.Rab1 Re8
16.Nxf6+ Nxf6 17.Qd1 Rb8 18.d4 Qd6 19.Qd3 h6 20.Rfd1 Red8 21.Qf3 Ne8 22.Re1 Qg6
23.Bh3 Qc2 24.Bf1 Qg6 25.Bd3 Qf6 26.Qe4 Qg6 27.Qxg6 fxg6 28.Bxg6 Bb6 29.Re7 Nf6
30.Rd1 Rd7 31.Rxd7 Nxd7 32.Re1 Nf8 33.Bc2 Bd8 34.d5 cxd5 35.cxd5 Bf6 36.Bxf6 gxf6
37.Re7 a5 38.d6 Rd8 39.Bb3+ Kh8 40.Rxb7 Rxd6 41.Ra7  1-0

[Event "Lloyds Bank op"]
[Site "London"]
[Date "1987.??.??"]
[Round "9"]
[White "Regan, Kenneth"]
[Black "Flear, Glenn C"]
[Result "0-1"]
[WhiteElo "2405"]
[BlackElo "2220"]

1.Nf3 d5 2.c4 c6 3.b3 Nf6 4.Bb2 Bg4 5.Ne5 Bh5 6.g3 Nbd7 7.cxd5 Nxe5 8.Bxe5 Qxd5
9.Bxf6 Qxh1 10.Bb2 Bg4 11.d3 e6 12.Bc3 O-O-O 13.Qc2 Qxh2 14.Nd2 f6 15.b4 Kb8
16.a4 Bd6 17.b5 Bxg3 18.Ne4 Be5 19.bxc6 Bxc3+ 20.Qxc3 Qe5 21.d4 Rxd4 22.Qb3 Qa5+
23.Nc3 Rb4 24.Qa3 bxc6 25.f3 Bh5 26.Rd1 Kc7 27.Nb5+ Rxb5+  0-1

[Event "URS-FL"]
[Site "Lvov"]
[Date "1987.??.??"]
[Round "?"]
[White "Panchenko, Alexander N"]
[Black "Rozentalis, Eduardas"]
[Result "1-0"]
[WhiteElo "2475"]
[BlackElo "2505"]

1.Nf3 d5 2.c4 dxc4 3.e3 Be6 4.Ng5 Bd5 5.e4 e6 6.exd5 Qxg5 7.dxe6 Qe5+ 8.Qe2 Nc6
9.exf7+ Kxf7 10.Kd1 Qxe2+ 11.Bxe2 Ne5 12.Na3 Bxa3 13.bxa3 Nf6 14.Bb2 Nd3
15.Bxf6 gxf6 16.Bxd3 cxd3 17.Rc1 c6 18.Re1 Rhg8 19.g3 Rg5 20.Rc4 Rd8 21.Re3 Rd6
22.Kc1 Rh5 23.h4 b5 24.Rc3 Rhd5 25.Kb2 c5 26.Rc1 Ra6 27.Rce1 b4 28.Re7+ Kg6
29.R1e4 bxa3+ 30.Kc3 h5 31.Re3 c4 32.Rb7 Rdd6 33.Re4 Rab6 34.Rxb6 Rxb6 35.Rxc4 Rb2
36.Kxd3 Rxa2 37.Ra4 Ra1 38.Ke2 Kf5 39.Kf3 Ke5 40.Rxa7 Kd4 41.Kf4 Kd3 42.Kf5 Ke2
43.f4 Kf3 44.Kxf6 Kxg3 45.Kg5 Kf3 46.f5 a2 47.Kxh5 Ke4 48.f6 Ke5 49.f7 Rf1
50.Kg6 Rg1+ 51.Kh6 Rf1 52.Rxa2 Rxf7 53.h5 Rd7 54.Kg6 Rd6+ 55.Kf7 Kf5 56.Ke7 Rd3
57.h6 Kg5 58.h7 Rh3 59.d4 Rxh7+ 60.Kd6 Kf5 61.d5 Rh1 62.Kd7 Ke5 63.d6 Rd1
64.Ke7 Kd5 65.d7 Re1+ 66.Kd8  1-0

[Event "Marseille"]
[Site "Marseille"]
[Date "1987.??.??"]
[Round "?"]
[White "Haik, Aldo"]
[Black "Miralles, Gilles"]
[Result "0-1"]
[WhiteElo "2445"]
[BlackElo "2425"]

1.Nf3 d5 2.c4 e6 3.d4 c5 4.cxd5 exd5 5.Nc3 Nc6 6.g3 Nf6 7.Bg2 Be7 8.O-O O-O
9.Bg5 c4 10.b3 Qa5 11.Bd2 Bb4 12.Qe1 Qa6 13.e3 Re8 14.Ne5 Nxe5 15.dxe5 Rxe5
16.Nxd5 Nxd5 17.Bxb4 Bf5 18.Bc3 Nxc3 19.Qxc3 Rc5 20.b4 Rcc8 21.e4 Be6 22.a4 Rd8
23.b5 Qb6 24.Rfd1 Rxd1+ 25.Rxd1 Rd8 26.Rxd8+ Qxd8 27.Bf1 Qd1 28.f4 f6 29.f5 Bf7
30.e5 fxe5 31.Qxe5 h6 32.f6 gxf6 33.Qxf6 Qd2 34.Qf5 Qd4+ 35.Qf2 Qe5 36.Qxa7 c3
37.Qa8+ Kg7 38.Qc8 Qe3+  0-1

[Event "Netanya op"]
[Site "Netanya"]
[Date "1987.??.??"]
[Round "5"]
[White "Rechlis, Gad"]
[Black "Lev, Ronen"]
[Result "1/2-1/2"]
[WhiteElo "2445"]
[BlackElo "2405"]

1.Nf3 d5 2.c4 dxc4 3.e3 Nf6 4.Bxc4 e6 5.d4 c5 6.O-O a6 7.Qe2 b5 8.Bb3 Bb7
9.Rd1 Nbd7 10.Nc3 Qc7 11.d5 Nxd5 12.Nxd5 Bxd5 13.Bxd5 exd5 14.Rxd5 Be7 15.e4 O-O
16.Bf4 Qxf4 17.Rxd7 Qf6 18.a4 c4 19.Rb7 Bc5 20.Rd1 Rad8 21.axb5 Qxb2 22.Re1 Qxe2
23.Rxe2 a5 24.Kf1 a4 25.Ra2 a3 26.Rc7 Rc8 27.Rxc8 Rxc8 28.Ne5 Rb8 29.Nxc4 Rxb5
30.Ke2 Rb3 31.Nd2 Rc3 32.Nb1 Rb3 33.Nd2  1/2-1/2

[Event "New York op"]
[Site "New York"]
[Date "1987.??.??"]
[Round "?"]
[White "Gurevich, Dmitry"]
[Black "Zaltsman, Vitaly F"]
[Result "1/2-1/2"]
[WhiteElo "2535"]
[BlackElo "2430"]

1.Nf3 d5 2.c4 dxc4 3.Na3 c5 4.Nxc4 Nf6 5.g3 b6 6.Bg2 Bb7 7.O-O e6 8.b3 Be7
9.Bb2 O-O 10.d4 Nbd7  1/2-1/2

[Event "NLD-ch"]
[Site "?"]
[Date "1987.??.??"]
[Round "?"]
[White "Boersma, Paulus A"]
[Black "Van der Sterren, Paul"]
[Result "1-0"]
[WhiteElo "2415"]
[BlackElo "2520"]

1.Nf3 d5 2.c4 e6 3.g3 dxc4 4.Qa4+ Nd7 5.Bg2 a6 6.Ne5 Rb8 7.Nxd7 b5 8.Nxb8 bxa4
9.Bc6+ Ke7 10.O-O f6 11.Bg2 Kf7 12.Nc6 Qe8 13.Na3 Bd7 14.Na5 Bxa3 15.bxa3 Bb5
16.Bb2 Ne7 17.Rac1 Qd7 18.Rfd1 Nd5 19.Nxc4 Bxc4 20.Rxc4 Qb5 21.Bxd5 exd5
22.Rxc7+ Kg6 23.Bc3 Qxe2 24.Rb1 h5 25.Rbb7 Qe1+ 26.Kg2 Qe4+ 27.f3 Qe2+ 28.Kg1 Qe1+
29.Kg2 Qe2+ 30.Kg1 Rg8 31.f4 d4 32.Bb4 Qe1+ 33.Kg2 Qe2+ 34.Kh3 h4  1-0

[Event "Ostend op"]
[Site "Ostend"]
[Date "1987.??.??"]
[Round "1"]
[White "Sprotte, Norbert"]
[Black "Flear, Glenn C"]
[Result "0-1"]
[WhiteElo "2265"]
[BlackElo "2480"]

1.Nf3 d5 2.c4 d4 3.e3 Nc6 4.exd4 Nxd4 5.Nxd4 Qxd4 6.Nc3 e5 7.d3 Ne7 8.Be2 Qd8
9.O-O Nf5 10.Re1 Bd6 11.Ne4 O-O 12.Nxd6 Qxd6 13.Qd2 Nd4 14.Bf1 Bf5 15.Re3 Rad8
16.Rg3 Bg6 17.f4 exf4 18.Qxf4 Nc2 19.Rb1 Nb4 20.c5 Qxc5+ 21.Be3 Qe7 22.Qc4 Nxd3
23.Bg5 Qd6 24.Rd1 Qb6+ 25.Be3 Nxb2 26.Bxb6 Nxc4 27.Rxd8 Rxd8 28.Bxc7 Rd1
29.Bf4 Nd2 30.Bxd2 Rxd2 31.Ra3 a6 32.Rb3 Rxa2 33.Rxb7 h5 34.Ra7 a5 35.Bc4 Rc2
36.Bb3 Rc3 37.Bd5 Ra3 38.Ra8+ Kh7 39.Ra7 f6 40.h4 a4 41.Ra8 Bf5 42.Bf7 Be4
43.Ra5 Bg6 44.Be6 Rd3 45.Ba2 a3 46.Kf2 Rc3 47.Bd5 Kh6 48.Ke1 Re3+  0-1

[Event "Philadelphia op"]
[Site "Philadelphia"]
[Date "1987.??.??"]
[Round "?"]
[White "Frias, Victor J"]
[Black "Griego, David W"]
[Result "1-0"]
[WhiteElo "2455"]
[BlackElo "2320"]

1.Nf3 d5 2.c4 e6 3.e3 Nf6 4.b3 c6 5.Bb2 Nbd7 6.d4 Bd6 7.Bd3 O-O 8.O-O Re8
9.Ne5 c5 10.Nd2 cxd4 11.exd4 dxc4 12.Ndxc4 Nb6 13.Qf3 Nxc4 14.bxc4 Bxe5 15.dxe5 Nd7
16.Rad1 Qg5 17.Qh3 g6 18.Bc2 Nc5 19.Rd4 h5 20.Re1 b6 21.Bc1 Qe7 22.Qg3 Bb7
23.Bg5 Qf8 24.Re3 Rac8 25.Rh4 Red8 26.Rxh5 Ne4 27.Rxe4 Bxe4 28.Bf6 Qg7 29.h3 Bxc2
30.Bxg7 Rd1+ 31.Kh2 gxh5 32.Qg5 Bg6 33.Qh6  1-0

[Event "Bohemians"]
[Site "Prague"]
[Date "1987.??.??"]
[Round "?"]
[White "Znamenacek, Kvetoslav"]
[Black "Damjanovic, Mato"]
[Result "1/2-1/2"]
[WhiteElo "2300"]
[BlackElo "2325"]

1.Nf3 d5 2.c4 c6 3.b3 Nf6 4.g3 Bg4 5.Bg2 g6 6.O-O Bg7 7.Bb2 O-O 8.d3 Nbd7
9.Nbd2 a5 10.a3 Re8 11.h3 Bxf3 12.Nxf3 e6 13.Qc2 Nh5 14.d4 Nhf6 15.Nd2 a4
16.b4 b5  1/2-1/2

[Event "Bohemians"]
[Site "Prague"]
[Date "1987.??.??"]
[Round "?"]
[White "Vokac, Marek"]
[Black "Prandstetter, Eduard"]
[Result "0-1"]
[WhiteElo "2430"]
[BlackElo "2430"]

1.Nf3 d5 2.c4 e6 3.b3 Nf6 4.Bb2 Be7 5.g3 O-O 6.Bg2 Nbd7 7.O-O c6 8.Nc3 b6
9.Qc2 Bb7 10.d4 Qc7 11.Rad1 b5 12.c5 b4 13.Nb1 Ne4 14.Ne1 f5 15.Nd3 a5 16.f3 Ng5
17.Nd2 Ba6 18.Rf2 Rae8 19.Nf1 Qa7 20.h4 Nf7 21.e4 Bxd3 22.Qxd3 f4 23.gxf4 Bxh4
24.Rc2 Qc7 25.Bc1 g6 26.Bh3 Bf6 27.Rg2 Kh8 28.Nh2 Bg7 29.e5 Nh6 30.Kf2 Qd8
31.Rg5 Nf5 32.Rh1 Bh6 33.Rg4 Qe7 34.Nf1 Rg8 35.Ng3 Nxg3 36.Kxg3 Bf8 37.Bf1 Qf7
38.Qc2 Rg7 39.Bd3 Kg8 40.Kf2 Re7 41.Be3 Nb8 42.Rgh4 Qe8 43.Qb1 Ra7 44.Rh6 a4
45.Bd2 axb3 46.axb3 Na6 47.Ke2 Qb8 48.Qg1 Qe8 49.Be1 Nc7 50.Bh4 Ra2+ 51.Ke3 Bxc5
52.dxc5 Qf8 53.Be7 d4+ 54.Ke4 Qf5+ 55.Kxd4 Qxf4+ 56.Be4 Nb5+ 57.Kc4 Rc2+
58.Kxb4 Qd2+  0-1

[Event "Primorsko op"]
[Site "Primorsko"]
[Date "1987.??.??"]
[Round "5"]
[White "Ermenkov, Evgenij"]
[Black "Deev, Andrei"]
[Result "1-0"]
[WhiteElo "2445"]
[BlackElo "2325"]

1.Nf3 d5 2.c4 e6 3.b3 c5 4.g3 Nc6 5.Bg2 Nf6 6.O-O Be7 7.e3 O-O 8.Qe2 a6 9.Rd1 b5
10.cxd5 exd5 11.d4 Ne4 12.Bb2 Bg4 13.dxc5 Bxc5 14.h3 Bh5 15.Nc3 Nxc3 16.Bxc3 Ra7
17.g4 Bg6 18.Qb2 f5 19.Ne5 Nxe5 20.Bxe5 Rd7 21.Rac1 Ba7 22.Qe2 fxg4 23.Qxg4 Rf5
24.Bg3 d4 25.e4 Rc5 26.Qe6+ Bf7 27.Qxa6 Bh5 28.Qe6+ Bf7 29.Qa6 Bh5 30.e5 Bxd1
31.Rxd1 d3 32.e6 Re7 33.Qd6 Re8 34.Qxd8 Rxd8 35.e7 Rdc8 36.Rxd3 Rc1+ 37.Kh2 Kf7
38.Rd7 Bb6 39.Bd5+ Ke8 40.Rb7  1-0

[Event "Riga op"]
[Site "Riga"]
[Date "1987.??.??"]
[Round "?"]
[White "Kengis, Edvins"]
[Black "Sveshnikov, Evgeny"]
[Result "1-0"]
[WhiteElo "2485"]
[BlackElo "2535"]

1.Nf3 d5 2.c4 e6 3.d4 Nf6 4.g3 dxc4 5.Bg2 a6 6.O-O Nc6 7.Na3 Bxa3 8.bxa3 Rb8
9.Bb2 b5 10.Qc2 Ne7 11.e4 Bb7 12.Ne5 O-O 13.Rad1 Ng6 14.f4 Qe7 15.f5 Nxe5
16.dxe5 Ng4 17.f6 gxf6 18.exf6 Qc5+ 19.Bd4 Qh5 20.Bf3 Rbd8 21.Bxg4 Qxg4 22.Rf4 Qg6
23.Bc5 Bxe4 24.Bxf8 Rd3 25.Rxd3 Bxd3 26.Qf2 e5 27.Qc5 exf4 28.Bg7 Qxg7 29.fxg7 Kxg7
30.Qg5+ Kf8 31.Qxf4  1-0

[Event "Riga op"]
[Site "Riga"]
[Date "1987.??.??"]
[Round "?"]
[White "Kuzmin, Gennadi P"]
[Black "Sveshnikov, Evgeny"]
[Result "1/2-1/2"]
[WhiteElo "2470"]
[BlackElo "2535"]

1.Nf3 d5 2.c4 e6 3.d4 Nf6 4.g3 dxc4 5.Bg2 a6 6.Ne5 Bb4+ 7.Nc3 Nd5 8.Bd2 b5
9.O-O Bxc3 10.bxc3 O-O 11.a4 f6 12.Ng4 c6 13.e4 Nb6 14.a5 Na4  1/2-1/2

[Event "Riga op"]
[Site "Riga"]
[Date "1987.??.??"]
[Round "15"]
[White "Kuzmin, Gennadi P"]
[Black "Sveshnikov, Evgeny"]
[Result "1/2-1/2"]
[WhiteElo "2470"]
[BlackElo "2535"]

1.Nf3 d5 2.c4 e6 3.d4 Nf6 4.g3 dxc4 5.Bg2 a6 6.Ne5 Bb4+ 7.Nc3 Nd5 8.Bd2 b5
9.O-O Bxc3 10.bxc3 O-O 11.a4 f6 12.Ng4 c6 13.e4 Nb6 14.a5 Na4 15.Qc2 c5 16.e5 Ra7
17.exf6 cxd4 18.cxd4 gxf6 19.Bb4 Re8 20.Rad1 Rg7 21.Nh6+ Kh8 22.d5 e5 23.f4 e4
24.Bxe4 Bh3 25.Rfe1 Nd7 26.Bf5 Bxf5 27.Nxf5 Rgg8 28.Nd6 Ref8 29.Nxc4 bxc4
30.Qxa4 Rf7 31.Qc6 h5 32.Qe6 Rh7 33.Bc3 h4 34.Re3 Rh6 35.Rde1 hxg3 36.Rxg3 Rhg6
37.Kf2 Nf8 38.Qf5 Qd6 39.Reg1 Rxg3 40.Rxg3 Rxg3 41.hxg3 Kg7 42.g4 Ng6 43.Kg3 Ne7
44.Qg5+ Kf7 45.Qh5+ Kg8 46.Qe8+ Kg7 47.g5 Nxd5 48.gxf6+ Nxf6 49.Be5 Qd3+
50.Kf2 Qd2+ 51.Kf1 Qc1+ 52.Kf2 Qc2+ 53.Kf1 Qf5 54.Qc6 Kg6 55.Qxa6 Qd3+ 56.Kf2 Qd2+
57.Kf1  1/2-1/2

[Event "Rio Hondo"]
[Site "Rio Hondo"]
[Date "1987.??.??"]
[Round "10"]
[White "Szmetan, Jorge"]
[Black "Rubinetti, Jorge A"]
[Result "1/2-1/2"]
[WhiteElo "2390"]
[BlackElo "2410"]

1.Nf3 d5 2.c4 e6 3.g3 g6 4.d4 Bg7 5.Bg2 Ne7 6.O-O Nbc6 7.e3 O-O 8.cxd5 exd5
9.b3 a5 10.Bb2 Nb4 11.Nc3 c6 12.Qd2 Bf5 13.Na4 Re8 14.Ne1 Na6 15.Rc1 Nc8
16.Ba3 Nc7 17.Nd3 Nb5 18.Bb2 Ncd6 19.Ndc5 h5 20.Nc3 Nxc3 21.Bxc3 h4 22.Bb2 Qg5
23.Rfe1 Bf6 24.Qe2 hxg3 25.hxg3 Kg7 26.Qf3 Rad8 27.Qf4 Qh5 28.Bf3 Qh3 29.Bg2 Qh5
30.Bf3 Qh7 31.g4 Be4 32.Bxe4 Nxe4 33.Kg2 g5 34.Qf3 Nxc5 35.Rh1 Qd3 36.Rxc5 Rh8
37.Rcc1 Qd2 38.Rb1 Rxh1 39.Rxh1 Qxb2 40.Qf5 Rd6 41.Qc8 Bd8 42.Qf5 Bf6 43.Qc8  1/2-1/2

[Event "Rio Hondo"]
[Site "Rio Hondo"]
[Date "1987.??.??"]
[Round "11"]
[White "Polugaevsky, Lev"]
[Black "Garcia Palermo, Carlos"]
[Result "1/2-1/2"]
[WhiteElo "2595"]
[BlackElo "2520"]

1.Nf3 d5 2.c4 dxc4 3.e3 Nf6 4.Bxc4 e6 5.d4 c5 6.O-O a6 7.Bd3 Nc6 8.Nc3 cxd4
9.exd4 g6 10.Bg5 Bg7 11.Ne4 h6 12.Bxf6 Bxf6 13.Nxf6+ Qxf6 14.Re1 O-O 15.Be4 Bd7
16.Qd2 Kg7 17.Ne5 Rfd8 18.Rac1  1/2-1/2

[Event "FRA-ch"]
[Site "Rouen"]
[Date "1987.??.??"]
[Round "1"]
[White "Lecuyer, Christian"]
[Black "Mayer, J."]
[Result "0-1"]
[WhiteElo "2310"]
[BlackElo "2200"]

1.Nf3 d5 2.c4 c6 3.b3 Bg4 4.e3 e6 5.Bb2 Nf6 6.h3 Bh5 7.g4 Bg6 8.Ne5 Be4 9.f3 Bxb1
10.Rxb1 Nfd7 11.Bg2 Qh4+ 12.Kf1 Nxe5 13.Bxe5 Nd7 14.Bh2 Bb4 15.f4 Qe7 16.d4 O-O
17.Kg1 c5 18.Bg3 Nb6 19.Qf3 Rac8 20.Kh2 dxc4 21.Qxb7 cxd4 22.exd4 c3 23.Qxe7 Bxe7
24.Rbc1 c2 25.Be4 f5 26.Bb7 Rc7 27.Ba6 Ba3 28.Bc4 Bxc1 29.Bxe6+ Kh8 30.Rxc1 Rd8
31.Bf2 Nd5 32.Bxf5 Nxf4 33.Rxc2 Rxc2 34.Bxc2 Ne6 35.Bd3 Nxd4 36.Bc4 g6 37.h4 Kg7  0-1

[Event "BUL-ch (Women)"]
[Site "Sofia"]
[Date "1987.??.??"]
[Round "3"]
[White "Nestorova Petrova, Lozanka"]
[Black "Bratimirova, Dimitrinka"]
[Result "1/2-1/2"]
[WhiteElo "2155"]
[BlackElo "2085"]

1.Nf3 d5 2.c4 c6 3.e3 Nf6 4.d4 e6 5.Bd3 Be7 6.O-O O-O 7.Nbd2 Nbd7 8.e4 dxe4
9.Nxe4 Nxe4 10.Bxe4 Nf6 11.Bc2 c5 12.b3 b6 13.Bb2 Bb7 14.Qe2 Bxf3 15.gxf3 cxd4
16.Rad1 Bc5 17.Qe5 Qb8 18.Qxb8 Raxb8 19.Bxd4 Bxd4 20.Rxd4 Rfd8 21.Rfd1 Rxd4
22.Rxd4 Kf8 23.Kf1 Rc8 24.Be4 Ke7 25.Ke2 Nxe4 26.fxe4 Rc5 27.Kf3  1/2-1/2